00527nam a2200205 a 4500001001300000003000900013005001700022008004100039020001000080082001300090100001900103245002200122260002900144300000800173500003500181505002400216650003200240650003000272700001900302nice12345678IN_TiNIC20260116011631.0050524s1976 lona grp 000 0 eng  ac10000a206bSLA aSlack, Kenneth aNairobi Narrative aLondonbScm Press c1976 a90p aincludes index and biblioraphy2 aBibliography, Index aNairobi Conference 1975-Wcc aWorld Council of Churches1 aSlack, Kenneth